|
|
|
|
| LEADER |
01708nam a2200301 a 4500 |
| 001 |
15395 |
| 003 |
BD-DhAAL |
| 008 |
100419s1996 bg 000 0 ben d |
| 020 |
|
|
|a 9844100550
|
| 040 |
|
|
|a BD-DhAAL
|c BD-DhAAL
|d BD-DhAAL
|
| 082 |
0 |
0 |
|a 332.1095492
|2 22
|
| 100 |
1 |
0 |
|a পুরকায়স্হ, বহ্নিশিখা দাশ.
|9 60152
|
| 245 |
1 |
0 |
|a গ্রামীণ ব্যাংক ও মুহাম্মাদ ইউনূস /
|c সম্পাদক বহ্নিশিখা দাশ পুরকায়স্থ.
|
| 246 |
|
|
|a Grameen bank and Muhamad Yunus
|
| 260 |
|
|
|a ঢাকা :
|b মওলা ব্রাদার্স,
|c ১৯৯৬ [দ্বিতীয় মুদ্রণ ১৯৯৭].
|
| 300 |
|
|
|a ১৬৬ পৃষ্ঠা ;
|c ২৪ সে.মি.
|
| 541 |
1 |
|
|e 00015395
|
| 600 |
1 |
0 |
|a Yunus, Muhammad.
|d 1940-
|
| 610 |
2 |
0 |
|a Grameen Bank.
|
| 650 |
|
|
|a Banks and banking
|z Bangladesh.
|
| 650 |
|
|
|a Rural poor
|z Bangladesh.
|x Economic conditions.
|
| 650 |
|
|
|a Non-governmental organizations
|z Bangladesh.
|
| 852 |
4 |
|
|a Ayesha Abed Library
|j General shelf
|
| 942 |
|
|
|2 ddc
|c BK
|
| 999 |
|
|
|c 10888
|d 10888
|
| 952 |
|
|
|0 0
|1 0
|2 ddc
|4 0
|6 332_109549200000000_PUR
|7 0
|9 16612
|a BRACUL
|b BRACUL
|c GEN
|d 2011-05-23
|l 0
|o 332.1095492 PUR
|p 3010015395
|r 2011-05-23
|t 1
|w 2011-05-23
|y BK
|
| 952 |
|
|
|0 0
|1 0
|2 ddc
|4 0
|6 332_109549200000000_PUR
|7 0
|9 16613
|a BRACUL
|b BRACUL
|c GEN
|d 2011-05-23
|g 100.00
|l 2
|m 8
|o 332.1095492 PUR
|p 3010015396
|r 2024-11-02
|s 2024-10-23
|t 2
|v 200.00
|w 2011-05-23
|y BK
|
| 952 |
|
|
|0 0
|1 0
|2 ddc
|3 Need to change call number within the book
|4 0
|6 332_109549200000000_PUR
|7 0
|9 56409
|a SCL
|b SCL
|c GEN
|d 2015-10-24
|g 100.00
|l 0
|o 332.1095492 PUR
|p 3020001926
|r 2015-10-24
|t 3
|w 2015-10-24
|y BK
|